Повзе змія (Запис № 17585)

000 -Маркер запису
Контрольне поле сталої довжини 02023nam a22002537a 4500
003 - Належність контрольного номера
Контрольне поле Uzh_bibl
008 - Кодовані дані
Контрольне поле сталої довжини 260430b |||||||| |||| 00| 0 ukr d
020 ## - Індекс ISBN
ISBN 978-966-03-4506-5
Ціна 60.00
040 ## - Джерело каталогіз.
Код мови каталог. укр.
041 ## - Код мови видання
Код мови оригіналу українська
Код мови тексту українська
080 ## - Індекс УДК
Індекс УДК 821.161.2
090 ## - Шифри
Поличний індекс 821.161.2
Авторський знак К 59
100 ## - Автор
Автор Кокотюха,Андрій
245 ## - Назва
Назва Повзе змія
Відповідальність Худож.-оформлювач О.Г.Жуков
Фізичний носій Текст
260 ## - Вихідні дані
Місце видання Харків
Видавництво Фоліо
Дата видання 2008
300 ## - Фізичний опис
Обсяг 475 с.
Тип одиниці В опр.
520 ## - Анотація
Анотація Якщо вам присвячують вірші, це не завжди означає освідчення в коханні. Молода журналістка Олена з жахом чекає кожного наступного вірша: адже їх пише жорстокий серійний убивця Баглай. Його засуджено на довічне ув’язнення, але він утік із тюрми, аби помститися Олені. Міліція безсила. Багатий коханець не хоче вирішувати її проблем. А убивця наближається тихо і безшумно – так підкрадається до здобичі отруйна змія. Врятувати Олену може лише одна людина – колишній міліцейський опер Макс, який уже одного разу ловив Баглая і тепер хоче спіймати його знову.<br/><br/>Це трилер, від якого неможливо відірватися. А фінали в історіях Андрія Кокотюхи завжди несподівані.
521 ## - Примітка про цільове призначення
Примітка про цільове призначення Для широкого кола читачів
546 ## - Примітка про мову
Примітка про мову укр.
650 ## - Тематичні рубрики
Основна рубрика Літературно-художнє видання
653 ## - Ключові слова
Ключові слова Переслідування
-- Помста
-- Вбивця
655 ## - Термін індексування — жанр/форма
Жанр/форма Детектив
Типове ділення Роман
942 ## - ADDED ENTRY ELEMENTS (KOHA)
Джерело класифікації чи схема поличного розташування
Koha item type Книги
Фонди
Статус вилучення Статус втрати/відсутності Джерело класифікації чи схема поличного розташування Статус пошкодження Тип обігу (не для випозичання) Постійне розташування Поточне розташування Розташування у відділі Дата надходження Інвентарний номер Total Checkouts Повний (примірниковий) шифр зберігання Штрих-код Date last seen Дата, для якої чинна ціна заміни Тип одиниці (рівень примірника)
          Бібліотека-філія №3 Бібліотека-філія №3 Абонемент старший відділ 30/04/2026 68854   821.161.2 4146 30/04/2026 30/04/2026 Книги

Працює на АБІС Коха